Bases de constitución / Junta de Museos de Barcelona
Descripción Física:
[9] p. ; 22 cm
MARC
| LEADER | 00000nam a2200000Ia 4500 | ||
|---|---|---|---|
| 001 | 22874 | ||
| 008 | 160829s1907 xx 000 0 cat d | ||
| 080 | |a RF-16-22 | ||
| 110 | 2 | |a Junta de Museus de Barcelona |9 54561 | |
| 245 | |a Bases de constitución / Junta de Museos de Barcelona | ||
| 260 | |a Barcelona : |b la Junta, |c 1907 | ||
| 300 | |a [9] p. ; |c 22 cm | ||
| 590 | |a Prové de 4190, exp. 57 | ||
| 650 | |a Junta de Museus de Barcelona | ||
| 650 | 0 | |a Museologia |z Barcelona (Catalunya) |9 41106 | |
| 856 | 4 | |u https://media.diba.cat/diba/fitxers/arxiu/fulletons/bib_22874_1907_baixa.pdf |y Accés lliure | |
| 856 | 4 | |u https://media.diba.cat/diba/fitxers/arxiu/fulletons/bib_22874_1907_baixa.pdf |y Accés lliure | |
| 901 | |a Arxiu | ||
| 942 | |n 1 |2 udc | ||
| 952 | |0 0 |1 0 |4 0 |6 RF1622 |7 1 |9 54253 |a Arxiu |b Arxiu |d 2016-12-01 |l 0 |o RF-16-22 |p 22874 |r 2016-12-01 00:00:00 |w 2016-12-01 |y ARXIU | ||
| 999 | |c 58122 |d 58122 | ||
| 900 | |a bib_22874_1907_baixa.pdf | ||